| 000 | 00879nam a2200301 a 4500 | ||
|---|---|---|---|
| 001 | 000112680 | ||
| 003 | CHAP | ||
| 005 | 20250322162306.0 | ||
| 008 | 160921s2010 mx a |r| ||||||spa d | ||
| 010 | _a109141 | ||
| 011 | _a110113 | ||
| 020 | _a9786071704115 | ||
| 040 | _cCHAP | ||
| 082 | 0 | 4 |
_a636.9 _bC34 2010 |
| 100 | 0 | 0 |
_aCastellanos Echeverría, Fernán. _919995 |
| 245 | 1 | 0 |
_aConejos / _cpor Fernán Castellanos Echeverría. |
| 250 | _a4 ed. | ||
| 260 |
_aMéxico, D.F. : _bTrillas, _c2010. |
||
| 300 |
_a119 p. : _bil. |
||
| 490 | _aManuales para educación agropecuaria. Producción animal | ||
| 590 |
_aE5765TAJ _b05 _c20160921 _lUCH01 _h0844 |
||
| 650 | 1 | 4 |
_aConejos. _926352 |
| 650 | 1 | 4 |
_aCunicultura. _930449 |
| 830 | 0 |
_aManuales para educación agropecuaria. Área producción animal (Trillas) _970694 |
|
| 901 | _aBK | ||
| 942 | _cLIBRO | ||
| 942 | _n0 | ||
| 999 |
_c109141 _d109141 |
||